McKnight's physical geography : (Record no. 57943)
[ view plain ]
| 000 -LEADER | |
|---|---|
| fixed length control field | 01224nam a22003017a 4500 |
| 005 - DATE AND TIME OF LATEST TRANSACTION | |
| control field | 20111101111033.0 |
| 008 - FIXED-LENGTH DATA ELEMENTS--GENERAL INFORMATION | |
| fixed length control field | 111101t xxu||||| |||| 00| 0 eng d |
| 010 ## - LCCN (DPL NO) | |
| LC control number | ENG-104007 |
| 020 ## - INTERNATIONAL STANDARD BOOK NUMBER | |
| International Standard Book Number | 9788120344129 |
| Terms of availability | 750.00 |
| 035 ## - SYSTEM CONTROL NUMBER | |
| System control number | EN-87540 |
| 037 ## - SOURCE OF ACQUISITION | |
| Source of stock number/acquisition | DBAD/PUB |
| 040 ## - CATALOGING SOURCE | |
| Original cataloging agency | DPL |
| Language of cataloging | Eng |
| 082 00 - DEWEY DECIMAL CLASSIFICATION NUMBER | |
| Classification number | 910.02 |
| Edition number | 22 |
| 100 1# - MAIN ENTRY--PERSONAL NAME | |
| Personal name | Hess, Darrel |
| 9 (RLIN) | 35632 |
| 245 10 - TITLE STATEMENT | |
| Title | McKnight's physical geography : |
| Remainder of title | a landscape appreciation / |
| Statement of responsibility, etc | by Darrel Hess ; illustrated by Dennis Tasa |
| 246 30 - VARYING FORM OF TITLE | |
| Title proper/short title | Physical geography |
| 250 ## - EDITION STATEMENT | |
| Edition statement | 10th ed |
| 260 ## - PUBLICATION, DISTRIBUTION, ETC. (IMPRINT) | |
| Place of publication, distribution, etc | New Delhi |
| Name of publisher, distributor, etc | PHI Learning |
| Date of publication, distribution, etc | 2012 |
| 270 ## - ADDRESS | |
| Address | M-97, Connaught Circus |
| City | New Delhi |
| Postal code | 110001 |
| 300 ## - PHYSICAL DESCRIPTION | |
| Extent | xxv, 554, [46] p. : |
| Other physical details | col. ill., col. maps |
| Dimensions | 29cm (pbk) |
| 500 ## - GENERAL NOTE | |
| General note | Previous ed. cat. under McKnight, Tom L. (Tom Lee), 1928- |
| 500 ## - GENERAL NOTE | |
| General note | Includes index |
| 650 #0 - SUBJECT ADDED ENTRY--TOPICAL TERM | |
| Topical term or geographic name as entry element | Physical geography. |
| 9 (RLIN) | 35633 |
| 700 1# - ADDED ENTRY--PERSONAL NAME | |
| Personal name | McKnight, Tom L. |
| Fuller form of name | (Tom Lee), |
| Dates associated with a name | 1928- |
| Title of a work | Physical geography. |
| 9 (RLIN) | 35634 |
| 942 ## - ADDED ENTRY ELEMENTS (KOHA) | |
| Source of classification or shelving scheme | Dewey Decimal Classification |
| Item type | English Books |
| Classification part | 910.02 |
| Call number suffix | HES |
| Withdrawn status | Lost status | Source of classification or shelving scheme | Damaged status | Not for loan | Collection code | Home library | Current library | Date acquired | Source of acquisition | Cost, normal purchase price | Total Checkouts | Full call number | Barcode | Date last seen | Copy number | Cost, replacement price | Koha item type |
|---|---|---|---|---|---|---|---|---|---|---|---|---|---|---|---|---|---|
| Dewey Decimal Classification | Not For Loan | Non-fiction | D.B.Act.Division | D.B.Act.Division | 01/11/2011 | DBAD/PUB | 750.00 | 910.02 HES | EN-87540 | 01/11/2011 | 1 | 750.00 | English Books |
